| 000 | 00643cam a22002291 4500 | ||
|---|---|---|---|
| 001 | hew59000054 | ||
| 003 | DLC | ||
| 005 | 20260227111509.0 | ||
| 008 | 820127s1959 dcu 000 0 eng | ||
| 010 | _ahew59000054 | ||
| 035 | _a(OCoLC)8098936 | ||
| 040 |
_aDLC _cOrU _dOrU _dDLC |
||
| 042 | _apremarc | ||
| 050 | 0 | 0 |
_aZ5814.M26 _bU5 |
| 110 | 1 |
_aUnited States. _bOffice of Education. |
|
| 245 | 1 | 0 |
_aSchool plant management bibliography. _cby N. E. Viles. |
| 260 |
_aWashington, _c1959. |
||
| 300 |
_a38 p. _c27 cm. |
||
| 500 | _aCover title. | ||
| 650 | 0 |
_aSchool plant management _vBibliography. |
|
| 700 | 1 |
_aViles, Nelson Eric, _d1891- |
|
| 999 |
_c34204 _d34204 |
||